| 000 | 00591nam a2200181Ia 4500 | ||
|---|---|---|---|
| 008 | 090630s9999 xx 000 0 und d | ||
| 082 | _b25011 | ||
| 100 | _aराजे नयना. | ||
| 245 |
_aअनोख्या वाटा. _cराजे नयना. |
||
| 260 |
_bपारस - कोल्हापूर. _c2006 |
||
| 300 | _a224 | ||
| 600 | _aराजे नयना. | ||
| 630 | _aअनोख्या वाटा. | ||
| 655 | _aकादंबरी. | ||
| 700 | _aराजे नयना. | ||
| 730 | _aअनोख्या वाटा. | ||
| 942 | _cBOOK | ||
| 999 |
_c276867 _d276867 |
||